书目信息 |
| 题名: |
选择公理
|
|
| 作者: | 赵希顺 著 | |
| 分册: | ||
| 出版信息: | 北京 人民出版社 2003.8 |
|
| 页数: | 279页 | |
| 开本: | 20cm | |
| 丛书名: | 《逻辑与认知文库》 | |
| 单 册: | ||
| 中图分类: | O143 | |
| 科图分类: | ||
| 主题词: | 选择公理 | |
| 电子资源: | ||
| ISBN: | 7-01-003893-7 | |
| 000 | 01024nam0 2200289 450 | |
| 001 | TS2006023650 | |
| 005 | 20070116164224.37 | |
| 010 | @a7-01-003893-7@dCNY16.50 | |
| 100 | @a20060829d2003 ekmy0chiy0120 ea | |
| 101 | 0 | @achi |
| 102 | @aCN@b110000 | |
| 105 | @aa a 000yy | |
| 200 | 1 | @a选择公理@AXuan Ze Gong Li@f赵希顺著@FZhao Xi Shun Zhu |
| 210 | @a北京@c人民出版社@d2003.8 | |
| 215 | @a279页@c图@d20cm | |
| 225 | 2 | @a《逻辑与认知文库》@f鞠实儿主编 |
| 300 | @a教育部人文社会科学重点研究基地基金资助,中山大学逻辑与认知研究所主持。 | |
| 312 | @a封面英文题名:The axiom of choice | |
| 320 | @a有书目(第274~279页) | |
| 330 | @a本书主要对选择公理的产生及发展历史,它在数学和逻辑学中的应用,它的协调性和独立性以及它对数学哲学的影响作了全面系统的论述,分析了强无穷公理和选择公理的关系。 | |
| 333 | @a读者对象:一般读者。 | |
| 410 | 0 | @12001 @a逻辑与认知文库 |
| 606 | @a选择公理 | |
| 690 | @aO143@v4 | |
| 701 | 0 | @a赵希顺@AZhao Xi Shun@4著 |
| 801 | 0 | @aCN@b中图数据@c20070116 |
| 905 | @a10447@dO143@e75 | |
| 选择公理/赵希顺著.-北京:人民出版社,2003.8 |
| 279页:图;20cm.-(《逻辑与认知文库》/鞠实儿主编) |
| 教育部人文社会科学重点研究基地基金资助,中山大学逻辑与认知研究所主持。.-使用对象:读者对象:一般读者。 |
| ISBN 7-01-003893-7:CNY16.50 |
| 本书主要对选择公理的产生及发展历史,它在数学和逻辑学中的应用,它的协调性和独立性以及它对数学哲学的影响作了全面系统的论述,分析了强无穷公理和选择公理的关系。 |
| ● |
| 相关链接 |
|
|
|
|
正题名:选择公理
索取号:O143/75
 
预约/预借
| 序号 | 登录号 | 条形码 | 馆藏地/架位号 | 状态 | 备注 |
| 1 | 0619483 | 206194839 | 第二样本阅览室/ [索取号:O143/75] | 在馆 | |
| 2 | 0619484 | 206194848 | 第三借阅区/ [索取号:O143/75] | 在馆 | |
| 3 | 0619485 | 206194857 | 第三借阅区/ [索取号:O143/75] | 在馆 | |
| 4 | 0619486 | 206194866 | 第三借阅区/ [索取号:O143/75] | 在馆 | |
| 5 | 0619487 | 206194875 | 第三借阅区/ [索取号:O143/75] | 在馆 |